000 00267pam a2200145 a 4500
020 _c
041 _h
100 _aScott Jarol
245 _aVisual Basic Multimedia
250 _a Ist
260 _c1995
300 _a 548
653 _aComputer
930 _a923
999 _c246776
_d246776